Statistiken für Länder, die Norwegen am häufigsten besuchen

Klicken Sie hier um das Quiz zu spielen!

Allgemein

  • Dieses Quiz wurde 208 mal gespielt
  • Das Durchschnittsergebnis liegt bei 9 aus 10

Antwortstatistiken

Besucher (2015)Länder% Korrekt
1,459,908Deutschland
100%
1,097,231Schweden
96%
749,517Dänemark
94%
425,295Vereinigte Staaten
90%
326,866Frankreich
86%
197,785Italien
83%
253,590Spanien
83%
704,508Vereinigtes Königreich
82%
567,343Niederlande
71%
287,153China
66%

Verteilung der Resultate

Perzentil nach korrekt beantworteten Fragen

Anzahl Personen mit jedem Resultat

Ihre Resultats-Entwicklung

Sie haben dieses Quiz noch nicht gespielt